000 00346 a2200157 4500
001 68050
020 _a9783125560130
040 _cAnchieta - Pituba
100 _aWerner, Sabine
240 1 0 _aAlbet Einstein
_ldeu / ger
245 1 0 _aAlbet Einstein
300 _a96
362 0 _a2006
650 4 _aLiteratura juvenil em alemão
942 _cBK
999 _c68050
_d68050